| 000 | 00871nam a2200253 a 4500 | ||
|---|---|---|---|
| 001 | 67604 | ||
| 003 | BD-RjUL | ||
| 005 | 20211209081656.0 | ||
| 008 | 170327s1959 nyu b 000 0 eng d | ||
| 035 | _a(BD-RjUL) 67735 | ||
| 040 |
_aDLC _cDLC _dBD-RjUL _beng |
||
| 041 | _aeng | ||
| 082 | 0 | 0 |
_a530.12 _223 _bFEN 1959 |
| 100 | 1 |
_aFeenberg, Eugene. _9200307 |
|
| 245 | 1 | 0 |
_aNotes on the quantum theory of angular momentum / _cEugene Feenberg and George Edward Pake. |
| 260 |
_aCalifornia ; _bStanford University Press, _cc1953 [1959] |
||
| 300 |
_avii, 56 p. ; _c22 cm. |
||
| 500 | _aOriginally published: Stanford, Calif. : Stanford University Press, 1959. | ||
| 504 | _aIncludes bibliographical references and index. | ||
| 650 | 0 |
_aQuantum Mechanics _9158679 |
|
| 700 | 1 |
_aPake, G. E. _q(George Edward) _931681 |
|
| 942 |
_2ddc _cBK |
||
| 999 |
_c67604 _d67604 |
||